Nach dem Fall / : Dokumentation
Uložené v:
| Ďalší autori: | , |
|---|---|
| Médium: | |
| Jazyk: | German English |
| Vydané: |
Goethe-Istitut,
2009.
|
| Fyzický popis: |
1 DVD 10/58 (Lauflänge: ca. 85 Min.). |
| Tagy: |
Pridať tag
Žiadne tagy, Buďte prvý kto otaguje tento záznam!
|
Titul je dostupný aj v ... 

MARC
| LEADER | 00000ngm a2200000 a 4500 | ||
|---|---|---|---|
| 001 | 000481908 | ||
| 003 | SVKKK | ||
| 005 | 20130218130450.0 | ||
| 008 | 100222s2009 gw |vlger d | ||
| 028 | 0 | 0 | |a 1682 |b Goethe-Institut |
| 040 | |a SVK |b ger |c SVK |e AACR2 | ||
| 041 | 0 | |a ger |a eng | |
| 044 | |a gw |c DE | ||
| 080 | |a 943.0 F |2 GI | ||
| 245 | 0 | 0 | |a Nach dem Fall / : |b Dokumentation |h Videoaufnahme |c Frauke Sandig, Eric Black. |
| 246 | 1 | 1 | |a After the Fall / |
| 260 | |b Goethe-Istitut, |c 2009. | ||
| 300 | |a 1 DVD 10/58 (Lauflänge: ca. 85 Min.). | ||
| 700 | 1 | |a Sandig, Frauke |4 drt | |
| 700 | 1 | |a Black, Eric |4 drt | |
| 910 | |a svkkk | ||
| 998 | |a VM | ||
| 090 | |g SCKGI |k Študovňa GI |a 943.0 F FAL |j DVD 10/58 |i 2720007763 |4 neplatná licencia |s Vyradená | ||
| 924 | |a AVM | ||